| 000 | 00893nam0a2200253 4500 | ||
|---|---|---|---|
| 001 | RU\NLR\BIBL_A\022465092 | ||
| 005 | 20250806210019.0 | ||
| 035 | _a(NLR Aleph) 022465092 | ||
| 090 |
_a81208 _c81208 |
||
| 100 | _a20250220d1941 u y0rusy50 ca | ||
| 101 | 0 | _aarm | |
| 102 | _aAM | ||
| 105 | _aa z 000yy | ||
| 200 | 1 |
_aԱղջիկն ու մահը _eհեքիաթ _fՄ. Գորկի |
|
| 210 |
_aԵրեվան _bՀայպետհրատ _d1941 |
||
| 215 |
_a13 с. _d17 |
||
| 541 | 1 |
_6z01790 _aДевушка и смерть _eсказка _zrus |
|
| 700 | 0 |
_aԳորկի _bՄ. _f1868-1936 _gՄաքսիմ _4070 |
|
| 790 | 0 |
_6z01541 _aГорький _bМ. _f1868-1936 _gМаксим _3RU\NLR\AUTH\77104 _4070 |
|
| 942 | _cBOOK | ||
| 945 |
_aРоссийская национальная библиотека _aНациональная библиотека Армении |
||
| 980 | _aNB | ||
| 980 | _aBV | ||